000 00849nam a2200253 a 4500
005 20210223130615.0
008 080918s1980 mx r 000 0 spa d
035 _aUPN01000159644
049 _aUNE
080 _a374.3 (540) =20 CHI No.41.
100 1 _aChickermane, D.V.
245 1 0 _aEducation of-out-school children :
_ban Indian experiment with an innovative approach /
_cD. V. Chickermane.
260 _aParis :
_bUNESCO;
_aNew York :
_bUNICEF;
_aRome :
_bWFP,
_c1980.
300 _a17 p. ;
_bfot.
440 0 _aNotes, Comments... ;
_v41.
500 _aIncluye bibliografía.
690 _aEducacion extraescolar- India
690 _aJuventud sin escolaridad- India
690 _aIndia- Educacion extraescolar
710 2 _aUNESCO
710 2 _aUNICEF.
_924085
710 2 _aWFP. Programa de Alimentación Mundial.
905 _aUNESCO
999 _c131758
_d131758